[Event "GER-chT1 SchulSchach email"]
[Site "GER email"]
[Date "2008.06.04"]
[Round "?"]
[White "Marquardt, Marius"]
[Black "Schwiertz, Johannes"]
[Result "0-1"]
[WhiteElo "2016"]
[BlackElo "2000"]
[PlyCount "24"]
[EventDate "2008.??.??"]
[EventType "tourn (corr)"]
[EventRounds "6"]
[EventCountry "GER"]
[SourceTitle "Corr 2011"]
[Source "ChessBase"]
[SourceDate "2010.08.31"]
[SourceVersion "1"]
[SourceVersionDate "2010.08.31"]
[SourceQuality "1"]

1. e4 d5 2. Nc3 dxe4 3. Nxe4 Bf5 4. f3 e6 5. d4 Bxe4 6. fxe4 Qh4+ 7. g3 Qxe4+ 8. Ne2 Qxh1 9. Bd2 Qxh2 10. c3 Nc6 11. Bf4 Bd6 12. Qd2 0-0-0 0-1